Normal view
MARC view
- Bogitsh, Burton J.
Entry Personal Name
001 - CONTROL NUMBER
- control field: 36710
003 - CONTROL NUMBER IDENTIFIER
- control field: OSt
005 - DATE AND TIME OF LATEST TRANSACTION
- control field: 20141130143810.0
008 - FIXED-LENGTH DATA ELEMENTS
- fixed length control field: 141130|| aca||aabn | a|a d
040 ## - CATALOGING SOURCE
- Original cataloging agency: OSt
100 1# - HEADING--PERSONAL NAME
- Personal name: Bogitsh, Burton J.
- Fuller form of name: (Burton Jerome)
400 10 - SEE FROM TRACING--PERSONAL NAME
- Personal name: Bogitsh, Burton Jerome